Cuatro años de realizaciones de Digeder: 1990-1993

Gorde:
Xehetasun bibliografikoak
Egile nagusia: Navarro Abarzúa, Iván (autor)
Formatua: Liburua
Hizkuntza:gaztelania
Argitaratua: Santiago Digeder 1994
Gaiak:
Etiketak: Etiketa erantsi
Etiketarik gabe, Izan zaitez lehena erregistro honi etiketa jartzen!

MARC

LEADER 00000nam a2200000 a 4500
001 UCX9574
003 CL-VaPUC
008 940614e19940000CL |||||||||||||||||spa|d
082 0 4 |a 796.983  |b NAV  |2 21 
100 |a Navarro Abarzúa, Iván  |e autor  |9 530668 
245 1 0 |a Cuatro años de realizaciones de Digeder: 1990-1993 
300 |a 217 p 
942 |c BK 
945 |d 19940614 00:00:00  |a rbrito 
260 |a Santiago  |b Digeder  |c 1994 
650 7 |a DEPORTES 1990-1993  |2 CL-VaPUC  |9 326998 
651 7 |a CHILE  |2 CL-VaPUC  |9 326999 
583 |a last modification  |c 19940614 00:00:00  |k Rodrigo Vera 
999 |c 228771  |d 228769 
952 |0 0  |1 0  |4 0  |6 796_983000000000000_NAV_1994  |7 0  |8 P  |9 229180  |a BIBEDU  |b BIBEDU  |c BIBEDU_PB  |d 2019-11-15  |i 2976420  |o 796.983 NAV 1994  |p 2976420  |r 2024-01-25  |w 2019-11-15  |y BK  |k EFI